000 00741nam a2200205 a 4500
003 0
005 20250328100842.0
008 071121s19uu xx 00 eng d
050 _aPHS LB 1139.23
_b.B75 2007
100 _aBriones, Ma. Andrea I.
245 _aEffects of parental motivation on the academic achievement of upper school students /
_cMa. Andrea I. Briones.
260 _aLas PiƱas City, Philippines :
_bSouthville International School and Colleges,
_c2007.
300 _a32 pages :
_billustrations ;
_c28 cm.
504 _aIncludes bibliographical references.
650 _aParental influence.
650 _aParent and child.
650 _aMotivation in education.
650 _aAcademic achievement.
942 _2lcc
_cPASS
999 _c97801
_d97801